Movie Posters IV Quiz Stats

 Plays Quiz Updated Jun 22, 2017

Support Sporcle.
Go Orange.
Score 0/24 Timer 06:00
8 Plays Today
Hint Name % Correct
Home Alone
96.7%
Avatar
96.7%
Monsters Inc.
92.6%
Lara Croft: Tomb Raider
83.1%
The Notebook
80.7%
Scarface
80%
Die Hard
76.8%
The Blind Side
76.5%
Anger Management
76.1%
Little Miss Sunshine
69.8%
Pretty Woman
66.5%
Casino Royale
60.1%
Hint Name % Correct
Old School
55.6%
Thelma and Louise
48.3%
Risky Business
47.6%
Platoon
44.3%
Waterworld
35.9%
Rebel Without a Cause
35.9%
The Birds
34.6%
The Rocketeer
25.2%
The People vs. Larry Flynt
22.6%
All the President's Men
22.6%
Eraserhead
18%
Heaven Can Wait
16.4%

From the Vault

'Country' Songs

by Mattomic

Music 6m
For people who say we don't feature enough country music at Sporcle, here's a quiz full of countries!
Remove Ads.
Support Sporcle.
Get the best of Sporcle when you Go Orange. This ad-free experience offers more features, more stats, and more fun while also helping to support Sporcle. Thank you for becoming a member.

Show Comments

Extras

Top Quizzes Today


Score Distribution

Your Account Isn't Verified!

In order to create a playlist on Sporcle, you need to verify the email address you used during registration. Go to your Sporcle Settings to finish the process.

Report this User

Report this user for behavior that violates our Community Guidelines.

Details: